000 00327nam a2200157Ia 4500
100 _aDiament/R.M.E
650 _aChemistry
942 _cBK
654 _aChemistry
245 _aApplid Chemistry Forengineers
260 _bPitman
_aLondon
_c1968
082 _a540
_bDia
300 _a343
546 _aENGLISH
999 _c33699
_d33699